KOHA-Header-6

Applications in Basic Marketing (Record no. 9103)

000 -LEADER
fixed length control field 00254nam a2200109Ia 4500
020 ## - INTERNATIONAL STANDARD BOOK NUMBER
ISBN 9780072557985
100 ## - MAIN ENTRY--AUTHOR NAME
Personal name William Perreault
245 #0 - TITLE STATEMENT
Title Applications in Basic Marketing
260 ## - PUBLICATION, DISTRIBUTION, ETC. (IMPRINT)
Place of publication New Delhi
Name of publisher Bantam Books
Year of publication 2003
300 ## - PHYSICAL DESCRIPTION
Number of Pages 450
942 ## - ADDED ENTRY ELEMENTS (KOHA)
Koha item type Books
Holdings
Withdrawn status Lost status Collection code Permanent Location Current Location Shelving location Date acquired Full call number Accession Number Koha item type
    Marketing MAJU MAJU   2019-09-14 658.848 4439 Marketing

Powered by Koha